| 000 | 00576nam a2200217Ia 4500 | ||
|---|---|---|---|
| 003 | OSt | ||
| 005 | 20251205140455.0 | ||
| 008 | 210210b2014 xxu||||| |||| 00| 0 eng d | ||
| 040 | _cAL | ||
| 041 | _aKonkani | ||
| 082 | _a891.46308 CARA | ||
| 100 |
_aCarlo G V _9166885 |
||
| 110 |
_aಕಾರ್ಲೊ ಜಿ ವಿ _9247842 |
||
| 245 |
_aApaharan _b: ಅಪಹರಣ್ |
||
| 260 |
_aManglur _bKarnataka Konkani Sahitya Academy _c2014 |
||
| 300 | _aix,125p | ||
| 650 |
_aApaharan _9166886 |
||
| 690 |
_aKonkani Fiction _9166887 |
||
| 906 | _a069502 | ||
| 942 |
_2ddc _cBK |
||
| 999 |
_c119192 _d119192 |
||